书目信息 |
| 题名: |
走向数字经济
|
|
| 作者: | 朱晓明 编著 | |
| 分册: | ||
| 出版信息: | 上海 上海交通大学出版社 2018 |
|
| 页数: | 397页 | |
| 开本: | 24cm | |
| 丛书名: | ||
| 单 册: | ||
| 中图分类: | F49 | |
| 科图分类: | ||
| 主题词: | 网络经济--研究 | |
| 电子资源: | ||
| ISBN: | 978-7-313-18170-1 | |
| 000 | 01255nam0 2200241 450 | |
| 001 | 1223 | |
| 005 | 20180927155559.35 | |
| 010 | @a978-7-313-18170-1@dCNY68.00 | |
| 100 | @a20180412d2018 em y0chiy50 ea | |
| 101 | 0 | @achi |
| 102 | @aCN@b310000 | |
| 105 | @aak z 000yy | |
| 200 | 1 | @a走向数字经济@9zou xiang shu zi jing ji@dThe digital economy is coming@f朱晓明编著@zeng |
| 210 | @a上海@c上海交通大学出版社@d2018 | |
| 215 | @a397页@c图,照片@d24cm | |
| 314 | @a朱晓明,男,中欧国际工商学院管理学教授、中天集团教席教授、原院长(2006年6月至2015年3月),上海交通大学工学博士,享受国务院特殊津贴的专家,教授级高级工程师。 | |
| 330 | @a本书以数字经济为主线,探索了数据经济、服务经济、平台经济、物联经济、分享经济、产消者经济、长尾经济、普惠经济、协同经济和智能经济(简称为“1+10”)等相关的理论创新研究,调研撰写了11个相关的案例,包括10家国内外知名企业和机构:科大讯飞、京东集团、上海中心、拍拍贷、思路迪、上海市儿童医院、上海第九人民医院、IBM。本书案例覆盖医疗、互联网、金融等多个领域,并收录了16篇独到的案例点评,对众多商学院师生、研究者和企业管理者都极具借鉴意义。 | |
| 510 | 1 | @aDigital economy is coming@zeng |
| 606 | 0 | @a网络经济@x研究 |
| 690 | @aF49@v5 | |
| 701 | 0 | @a朱晓明@9zhu xiao ming@4编著 |
| 801 | 0 | @aCN@b91MARC@c20180412 |
| 905 | @aMuseLib@dF49@e14 | |
| 走向数字经济=The digital economy is coming/朱晓明编著.-上海:上海交通大学出版社,2018 |
| 397页:图,照片;24cm |
| ISBN 978-7-313-18170-1:CNY68.00 |
| 本书以数字经济为主线,探索了数据经济、服务经济、平台经济、物联经济、分享经济、产消者经济、长尾经济、普惠经济、协同经济和智能经济(简称为“1+10”)等相关的理论创新研究,调研撰写了11个相关的案例,包括10家国内外知名企业和机构:科大讯飞、京东集团、上海中心、拍拍贷、思路迪、上海市儿童医院、上海第九人民医院、IBM。本书案例覆盖医疗、互联网、金融等多个领域,并收录了16篇独到的案例点评,对众多商学院师生、研究者和企业管理者都极具借鉴意义。 |
| ● |
| 相关链接 |
|
|
|
|
正题名:走向数字经济
索取号:F49/14
 
预约/预借
| 序号 | 登录号 | 条形码 | 馆藏地/架位号 | 状态 | 备注 |
| 1 | 1121769 | 211217690 | 第一样本阅览室/ [索取号:F49/14] | 在馆 | |
| 2 | 1121770 | 211217707 | 第一借阅区/ [索取号:F49/14] | 在馆 | |
| 3 | 1121771 | 211217716 | 第一借阅区/ [索取号:F49/14] | 在馆 | |
| 4 | 1121772 | 211217725 | 第一借阅区/ [索取号:F49/14] | 在馆 | |
| 5 | 1121773 | 211217734 | 密集书库-数信学院/ [索取号:F49/14] | 在馆 |